000 00298pam a2200133 a 4500
020 _c
041 _h
082 _a751.422
_bPET
100 _aKolan Peterson.
245 _aHow to draw special efforts in
_hTextual Documents
250 _a1998.
260 _aPune:
_bWalter Foster.
930 _a10
999 _c233800
_d233800